[Event "Linares 10th"]
[Site "Linares"]
[Date "1992.??.??"]
[Round "3"]
[White "Jussupow, Artur"]
[Black "Short, Nigel D"]
[Result "1-0"]
[WhiteElo "2655"]
[BlackElo "2685"]
[Annotator "Ftacnik,L"]
[PlyCount "99"]
[EventDate "1992.02.??"]
[EventType "tourn"]
[EventRounds "13"]
[EventCountry "ESP"]
[EventCategory "17"]
[SourceTitle "CBM 028"]
[Source "ChessBase"]
[SourceDate "1992.06.01"]
[SourceVersion "1"]
[SourceVersionDate "1992.06.01"]
[SourceQuality "1"]

1. d4 {Anand} d5 2. c4 e6 3. Nc3 Nf6 4. Nf3 Nbd7 5. Bg5 h6 6. Bh4 Be7 7. e3 O-O
8. Rc1 b6 9. cxd5 exd5 10. Be2 (10. Qa4 {Anand} c5 11. Ba6 cxd4 12. exd4 Bxa6
13. Qxa6 Nh5 {Gelfand,B-Short,N m/2 1991}) (10. Bb5 {Anand} Bb7 11. O-O c6 (
11... c5 $6 12. Bxd7 Qxd7 13. dxc5 bxc5 14. Bxf6 Bxf6 15. Ne4 $1 $16) 12. Be2
c5) 10... Bb7 11. O-O c5 12. Qa4 a6 13. dxc5 bxc5 14. Rfd1 Qb6 15. Qb3 Rfd8 16.
Bg3 Rac8 17. Ne5 Qxb3 18. axb3 Nb6 (18... Nxe5 {Anand} 19. Bxe5 $14) (18... Nf8
{Anand} 19. Bf3 Ne6 20. Nc4 $14) 19. Bf3 Ba8 {N} (19... c4 20. bxc4 Nxc4 21.
Nxc4 Rxc4 22. h3 Kh7 23. Be5 Ne4 24. Be2 Nxc3 25. Bxc3 Rc6 26. Bf3 $14 {
Gruenfeld,A-Liberzon,V/Tel Aviv/1988/}) 20. Ra1 d4 21. exd4 cxd4 (21... Bxf3
22. Nxf3 cxd4 23. Rxd4 $16) 22. Ne2 Bxf3 (22... Bc5 23. Rxa6 Bxf3 24. gxf3 $16)
23. gxf3 $1 (23. Nxf3 d3 (23... Rc2 24. Nexd4 Rxb2 25. Bc7 $1 $18) 24. Nf4 d2
25. Rxd2 Rxd2 26. Nxd2 Rc2 $132) 23... Nbd5 (23... Rc2 24. Nxd4 Rxb2 25. Nd3 $1
$18) 24. Nxd4 (24. Rxa6 Nb4 25. Ra7 Bc5 26. Rxf7 d3 27. Nf4 Bd6 $1) 24... Nb4
25. Nf5 Bc5 26. Rxd8+ Rxd8 27. Rc1 Rd5 (27... Bf8 28. Nc6 (28. Rc7 $5) 28...
Nxc6 29. Rxc6 Rd2 30. Be5 $16) 28. Ne3 Bxe3 29. fxe3 Nh5 (29... Nd3 30. Rc8+
Kh7 31. Nxf7 $16) 30. Rc8+ Kh7 31. Nxf7 Nxg3 32. hxg3 Rd1+ 33. Kg2 Rd2+ 34. Kh3
Rxb2 (34... Rd3 $2 35. Rh8+ Kg6 36. Ne5+ $18) 35. Rh8+ Kg6 36. Ne5+ Kf6 37. Rb8
$1 Rxb3 (37... Kxe5 38. Rxb4 $18) 38. Nc6 a5 (38... Rxe3 39. Nxb4 Rxf3 $2 40.
Rf8+ $18) 39. Nxa5 Rxe3 40. Rxb4 Rxf3 41. Nc4 (41. Rf4+ $2 Rxf4 42. gxf4 g5 $10
) 41... Rf5 (41... Rc3 {Anand /\ Kg6-h7+/=}) 42. Rb6+ Ke7 43. Kg4 Rd5 44. Ne3
Rg5+ 45. Kf4 Kf7 46. Nf5 Kg8 47. Rd6 (47. Rxh6 $2 {Anand} Rxg3 $1) 47... Kh7
48. Re6 Rh5 (48... Kg8 {Anand} 49. Re5 Kh7 50. Nh4 $18) (48... Kh8 {Anand} 49.
Nxh6 $18) 49. Re5 Kh8 (49... g6 50. Nh4 g5+ 51. Kg4 $18) 50. Nh4 $1 {Ftacnik,L}
1-0

[Event "Las Palmas"]
[Site "Las Palmas"]
[Date "1993.??.??"]
[Round "7"]
[White "Georgiev, Kiril"]
[Black "Jussupow, Artur"]
[Result "0-1"]
[WhiteElo "2660"]
[BlackElo "2645"]
[Annotator "Jussupow,A"]
[PlyCount "96"]
[EventDate "1993.06.??"]
[EventType "tourn"]
[EventRounds "9"]
[EventCountry "ESP"]
[EventCategory "16"]
[SourceTitle "CBM 036"]
[Source "ChessBase"]
[SourceDate "1993.10.01"]
[SourceVersion "1"]
[SourceVersionDate "1993.10.01"]
[SourceQuality "1"]

1. e4 {Knaak} e6 2. d4 d5 3. Nc3 Bb4 4. e5 Ne7 5. a3 Bxc3+ 6. bxc3 c5 7. Nf3 b6
8. Bb5+ Bd7 9. Bd3 Ba4 (9... c4 10. Bf1 Ba4 11. g3 Nbc6 12. h4 h6 13. h5 Kd7
14. Bh3 Qg8 15. O-O Qh7 16. Ra2 a5 17. Nh4 g6 $2 18. Ng2 $1 Nf5 19. Nf4 Nce7
20. Bd2 Rab8 21. Kh2 Rhg8 22. Rb2 Qg7 $2 23. g4 Nh4 24. f3 g5 25. Ng2 Nxg2 26.
Kxg2 Qh7 27. Kh2 b5 28. f4 $1 $16 {Dolmatov-Hertneck/Lugano/1986}) 10. h4 (10.
dxc5 bxc5 11. O-O c4 12. Be2 {(Nunn-Nikolic,P/Belgrade/1991)} Nbc6 13. Bf4 (13.
Be3 Qa5 $1 {Nunn}) 13... Ng6 14. Bg3 O-O 15. Qd2 f5 16. exf6 Qxf6 $13 {Nunn})
10... h6 11. h5 c4 (11... Nbc6 12. Rh4 c4 13. Be2 Kd7 $1 14. Be3 Qg8 15. Qd2
Qh7 16. Rc1 Kc7 17. Rf4 Raf8 18. Nh4 Nd8 $5 19. Bg4 Kb7 20. Rf3 Be8 $5 21. Rh3
g5 $5 22. hxg6 fxg6 23. Nf3 g5 $1 24. Nh2 $1 Qg7 25. Qe2 Bg6 26. Bh5 Nf5 27.
Kd2 Bh7 28. Ng4 Nc6 29. Nf6 Rxf6 30. exf6 Qxf6 31. Bg4 $1 Nd6 $44 {
Sokolov-Yusupov/Riga cm(1)/1986}) 12. Be2 Kd7 $146 (12... Nbc6) 13. Nh4 Qg8 14.
Bg4 (14. Be3 $5 Qh7 $140 15. Rc1) 14... Qh7 15. Ra2 Na6 $5 16. Rh3 Nc7 17. Kf1
Raf8 (17... Rhf8 {Knaak} 18. Kg1 g5 19. hxg6 fxg6 20. Nf3 Ng8 21. Be3 Qg7 22.
Qd2 $1 Nb5 (22... h5 $6 23. Ng5 $16) 23. Rb2 $1) 18. Kg1 g5 19. Nf3 (19. hxg6
fxg6 20. Nf3 Qg7 $10) 19... Nc6 20. Nh2 f5 21. exf6 Rxf6 22. Re3 $1 Rhf8 23. f3
$2 {פh2} (23. Re2 $1 {/\Nf3+/=}) (23. Bf3 $5 {Knaak /\ Ng4}) 23... Qf7 $1 $17
{><h5} 24. Bd2 {/\Be1,Bg3} Ne8 {/\Ng7} 25. Bh3 $5 Qxh5 26. Ng4 Rf5 $6 (26...
R6f7 $142 $1 27. Rxe6 $5 Kxe6 28. Ne5+ (28. Qe1+ Kd6 29. Ne5 Nxe5 30. Qxe5+ Kc6
$19) 28... Qxh3 $3 29. gxh3 Nxe5 $17) 27. Nf2 $2 (27. Ne5+ Rxe5 28. dxe5 Ng7
$44) 27... Qg6 $5 (27... R5f6 28. Ng4 R6f7 $1) 28. Bxf5 exf5 $17 {|^>>; צa2}
29. Re2 Nf6 30. Qe1 $6 (30. f4 $142 $17) 30... Nh5 (30... f4) 31. Ra1 Ng3 32.
Re5 Qd6 $1 33. Nh1 Nxh1 34. Kxh1 Nxe5 35. dxe5 Qe6 $19 36. Be3 Qxe5 37. Qd2 Re8
38. Bf2 f4 39. Rd1 (39. Re1 Qf5 $19 {><c2}) 39... Kd6 40. Re1 Qf5 41. Rxe8 Bxe8
42. Bd4 Ba4 43. Qe1 Kd7 $1 (43... Bxc2 $2 44. Qe8 $132) 44. Qb1 h5 $1 45. Qb4
Bc6 46. Qb1 (46. a4 g4 $19) 46... g4 47. fxg4 hxg4 48. Qe1 Ba4 {Yusupov} (48...
Ba4 49. Qe5 Qxe5 50. Bxe5 f3 $19) 0-1

[Event "Candidates FIDE m2"]
[Site "Wijk aan Zee"]
[Date "1994.??.??"]
[Round "4"]
[White "Jussupow, Artur"]
[Black "Anand, Viswanathan"]
[Result "1-0"]
[WhiteElo "2665"]
[BlackElo "2715"]
[Annotator "Anand,Viswanathan"]
[PlyCount "115"]
[EventDate "1994.01.16"]
[EventType "match"]
[EventRounds "7"]
[EventCountry "NED"]
[SourceTitle "CBM 039"]
[Source "ChessBase"]
[SourceDate "1994.04.01"]
[SourceVersion "1"]
[SourceVersionDate "1994.04.01"]
[SourceQuality "1"]

1. d4 {Yusupov Wolff Hansen,LB} Nf6 2. c4 g6 3. Nc3 d5 4. Nf3 Bg7 5. Bf4 O-O (
5... c5 {Hansen,LB}) 6. e3 c5 7. dxc5 Qa5 8. Rc1 dxc4 9. Bxc4 Qxc5 10. Bb3 Nc6
11. O-O Qa5 12. Qe2 $5 Nh5 {To exploit the fact that white has not played h3} (
12... Bf5 13. Rfd1) (12... Bg4 $5 {Hansen,LB} 13. h3 Bxf3 $10 {Farago,
I-Portisch,L/Hungary/1974/}) 13. Bg5 h6 {?! Hansen,LB} (13... Bg4 $1 {Wolff
=Hansen,LB} 14. Ne4 (14. Bh4 Qb4 $10) (14. Nd5 {Yusupov} e6 15. Ne7+ $10 {
0,5/Pfleger-Mohr/BL/1989}) 14... Qf5 15. Bc2 Bxf3 16. Qxf3 (16. gxf3 Qh3 $36)
16... Qxf3 17. gxf3 Rac8 $15) 14. Bh4 g5 15. Rfd1 {! Yusupov} (15. Nxg5 hxg5
16. Qxh5 gxh4 17. Nd5 Qd8 18. Rc4 $140 (18. Rfd1 {Wolff} e6) 18... Bf5 $1 (
18... e6 19. Rxh4 f5 (19... Qxh4 20. Qxh4 exd5 21. Bxd5 $36) (19... Re8 20.
Qh7+ Kf8 21. Rg4 exd5 22. Qxg7+ Ke7 23. Rf4 Be6 24. e4 $1 $40) 20. Nf4 Qf6 21.
Rd1 $40) 19. Qxf5 (19. Rxh4 {Yusupov} e6) 19... e6) (15. Ne4 {Wolff} gxh4 16.
Rc5 Qb4 17. Nfd2 {/\ Qxh5, Rb5} Nf6 18. Rb5 Nd4 $5 {Fritz} 19. exd4 Qxd4 $15)
15... e6 (15... gxh4 $2 {Hansen,LB} 16. Rd5 $16) 16. Bg3 {!?N Yusupov} (16. Na4
{Yusupov} Rd8 17. Bg3 Nxg3 18. hxg3 Bd7 19. Nc5 Qc7 20. Rc2 Be8 21. Rdc1 Qe7
$14 {Hort-Ogaard/Nice/ol/1974}) 16... Nxg3 17. hxg3 Rd8 (17... b6 $142 $5 {
Wolff}) 18. Ne4 Bd7 19. Nd6 (19. Rc5 {Yusupov} Qb4 $132) (19. Nc5 {Yusupov
-Hort-Ogaard}) 19... Qc7 $6 (19... Qb6 $1 20. Ba4 {Wolff !? Yusupov} (20. Rc2
Na5) (20. Nh2 Be8) 20... Nd4 $1 21. Rxd4 Bxa4 22. Rxa4 Rxd6) 20. Rc2 $6 (20.
Rd2 $1 $14 {Yusupov} Be8 $140 (20... Bxb2 $2 {Yusupov} 21. Nb5 $1) 21. Nxe8
Rxe8 $8 (21... Rxd2 22. Nxc7) 22. Ba4 $16) 20... Be8 $1 21. Nxe8 (21. Rcd2 $1
$16 {Yusupov} Nd4 $2 22. Rxd4 $1 (22. Nxd4 Rxd6 $10) 22... Bxd4 23. Nxe8 $18)
21... Rxd1+ (21... Rxe8 $2 22. Ba4 $16) 22. Qxd1 Rxe8 23. Ba4 Rd8 24. Qc1 Qd6
$6 {? Yusupov} (24... Qa5 $142 $132 {Yusupov}) (24... Rd6 $14 {Yusupov}) 25.
Rd2 Qe7 (25... Qc7 {Wolff} 26. Rxd8+ Qxd8 27. Bxc6 Qc7 28. b3 $14) 26. Bxc6
bxc6 27. b3 Rxd2 (27... g4 $142 {Yusupov}) 28. Nxd2 Qd7 29. Qc2 (29. g4 Qd3 $1)
29... Qd5 $2 {?! Yusupov} (29... h5 $1 {Yusupov Black should be able to hold
this position}) (29... g4 $8 {Wolff}) 30. g4 $1 {Now with the proverbial
second weakness Black will have a difficult task} Kf8 31. Nc4 f5 $2 {Black
adds a weak king to his other problems} (31... Bf6 $1 {/\ Kg7. Keeping the
king safe may help}) 32. f3 (32. gxf5 $2 {Yusupov} exf5 $10) 32... Bf6 33. Kf2
(33. Kf1 $5 {Yusupov}) 33... Kg7 34. Kf1 Bd8 35. e4 $1 fxe4 36. fxe4 Qc5 (36...
Qd4 $142 {Yusupov} 37. Qb2 Qxb2 $16) 37. Qf2 $1 Qe7 (37... Qxf2+ {Hansen,LB}
38. Kxf2 $16 {>< a7,c6,h6;Bd8}) 38. Qd4+ Kg8 39. Ke2 Bb6 {?! Hansen,LB; ?
Wolff; !? Yusupov} 40. Nxb6 axb6 41. Qxb6 $18 Qa3 42. Qd8+ Kf7 43. Qd2 Ke8 44.
Kf3 c5 (44... e5 $5 $16 {Yusupov}) (44... Qf8+ $5 $16 {Yusupov}) 45. Qd6 Kf7
46. Qd7+ (46. e5 {Yusupov} Qa8+) 46... Kf6 47. Qd8+ Kf7 (47... Ke5 {Yusupov}
48. Qc7+ Kf6 49. e5+ $18) 48. e5 Qa6 (48... Qxa2 {Hansen,LB} 49. Qf6+ $18) 49.
Qd7+ Kg8 50. Ke3 Qxa2 51. Qxe6+ Kf8 (51... Kg7 {Hansen,LB} 52. Qf6+ Kh7 53.
Qf7+ Kh8 54. e6 (54. Qd5 {Yusupov} Qa5 55. Ke4 $18 (55. e6 $18)) 54... Qxb3+
55. Ke4 $18) 52. Qxh6+ Ke8 53. Qe6+ Kf8 54. Qf5+ Ke8 55. Qc8+ Kf7 56. Qd7+ Kf8
57. Qd8+ Kf7 58. Qd5+ 1-0

[Event "Dortmund"]
[Site "Dortmund"]
[Date "1994.??.??"]
[Round "9"]
[White "Jussupow, Artur"]
[Black "Adams, Michael"]
[Result "1-0"]
[WhiteElo "2665"]
[BlackElo "2675"]
[Annotator "Jussupow,A"]
[PlyCount "87"]
[EventDate "1994.07.??"]
[EventType "tourn"]
[EventRounds "9"]
[EventCountry "GER"]
[EventCategory "16"]
[SourceTitle "CBM 042"]
[Source "ChessBase"]
[SourceDate "1994.10.01"]
[SourceVersion "1"]
[SourceVersionDate "1994.10.01"]
[SourceQuality "1"]

1. d4 {Kortschnoj Stohl} d6 2. e4 Nf6 3. Nc3 g6 4. f4 Bg7 5. Nf3 c5 6. Bb5+ Bd7
7. e5 Ng4 8. Bxd7+ Qxd7 9. d5 dxe5 10. h3 e4 11. Nxe4 Nf6 12. Nxf6+ Bxf6 (12...
exf6 $6 13. Qe2+ Qe7 14. Qxe7+ Kxe7 15. f5 $1 $16 {Dvoretsky}) 13. O-O O-O (
13... c4 {Stohl} 14. Ne5 Qb5 15. Be3 O-O 16. b3 $1 c3 17. a4 Qa6 18. Qg4 Rd8
19. Rad1 Qd6 20. Nc4 Qd7 21. f5 b5 22. axb5 Qxb5 23. h4 $40 {Yusupov,A-Hodgson,
JM/Tilburg/1993/}) 14. Be3 (14. Ne5 Qd6 (14... Qc7 15. Qe2 (15. c4 $5) 15...
Nd7 16. Ng4 Bd4+ $1 17. Kh1 f5 $36 {Privara-Novak/Detva/ch-SVK/1977}) 15. c4 $1
(15. Ng4 $6 Bd4+ 16. Kh1 f5 $1 $36 17. Ne3 {Balashov-Cseshkovsky/Leningrad/ch/
USSR/1974} (17. Ne5 Nd7 18. c3 $6 Nxe5 $1 19. cxd4 Nd7 $1 $17 {Dvoretsky}))
15... Nd7 {= ECO} (15... Bxe5 $2 16. fxe5 Qxe5 17. Bh6 $16 {Dvoretsky}) (15...
e6 {-Cujpers-Van der Sterren}) 16. Ng4 Bd4+ (16... Bg7 $2 17. f5 Nf6 18. Nh6+
Kh8 19. Bf4 Qd7 20. Qc2 $40 {Dvoretsky-Torre/Saint John/5'/1988}) 17. Be3 (17.
Kh1 $2 f5 $1) 17... Bxb2 $6 (17... f5 18. Bxd4 fxg4 (18... cxd4 19. Nh2) 19.
Bc3 gxh3 20. g3 $14 {Dvoretsky}) (17... Bxe3+ $5 18. Nxe3 f5 $1 $10 {Dvoretsky}
) 18. Rb1 Bg7 19. f5 $1 $40 Nb6 $6 (19... Qa6 $5) 20. Qd3 Rfe8 21. Bf4 Qd7 22.
Nh6+ (22. Be5 $5 f6 23. Ba1 $16 {Dvoretsky}) 22... Bxh6 23. Bxh6 Qd6 24. Rf3 $6
(24. Rbe1 $1 gxf5 $140 25. Bf4 Qg6 26. Re3 $18 {Dvoretsky} (26. Rf3 $18)) 24...
Nd7 25. Qc3 f6 $2 (25... Qe5 $1 26. Rxb7 Qxc3 27. Rxc3 $16 {Dvoretsky}) 26. Bf4
$1 Qa6 27. Rg3 Kf7 28. Re1 $18 {Dvoretsky,M-Glianets,A/Tbilisi tt/1979/}) (14.
c4 e6 (14... b5 15. Ne5 $1 (15. Be3 $6 bxc4 16. Ne5 Qb5 17. Qe2 Nd7 18. Bf2 $6
Nb6 $17 {A.Sokolov-Kolmakov/Moscow/jr/1977}) 15... Qd6 (15... Qb7 16. Qb3 b4
17. Be3 Qc8 18. Rad1 $16 {Jovcic-Ilic/corr/1979}) 16. cxb5 (16. Be3 $13 {Nunn})
16... Rd8 17. Be3 $1 Nd7 18. Nc6 Re8 19. Qc2 $16 {Ioseliani-An Yang Feng/
Havana/1985}) (14... Rd8 15. Be3 Bxb2 16. Ne5 $5 Qc7 17. Rb1 Bd4 18. Bxd4 cxd4
19. Qxd4 $16 {Forsman-E.Andersson/corr/1978}) 15. Ne5 Qd6 {-14.c4 e6 15.Ne5
Qd6 /Cujpers-Van der Sterren/} (15... Qd6 16. Qb3 (16. Be3 exd5 (16... b6 17.
Qd2 (17. Qf3 Nd7 18. Nxd7 Qxd7 19. Rf2 exd5 20. cxd5 Rae8 21. Rd1 Qa4 $1 $15 {
Bosenberg-Jurgens/corr/1991}) 17... exd5 18. cxd5 Nd7 19. Nc4 Qc7 20. Rae1 b5
21. d6 Qc6 22. Na5 Qa6 23. b4 cxb4 24. Qxb4 Rac8 $13 {Wijker-Loman/1993}) 17.
cxd5 Rd8 18. Ng4 Bg7 19. Qf3 $13 {Dolmatov-Van Wijgerden/Amsterdam/1979}) 16...
b6 $1 (16... Nd7 17. Qxb7 Nxe5 18. fxe5 Qxe5 (18... Bxe5 19. Bh6 Bg7 20. Bxg7
Kxg7 21. dxe6 Qxe6 22. b3 $14) 19. Bh6 Bg7 (19... Rfb8 $2 20. Qc6 Rc8 21. Qa6
$1 $16 {Adorjan-Pfleger/Lanzarote/1975}) 20. Bxg7 (20. Rae1 Qd4+ 21. Be3 Qxb2
22. Rxf7 Qc3 $1 {Fridstein}) 20... Qxg7 $14 {Cujpers-Van Wijgerden/Hilversum/
1983} (20... Kxg7 21. Rxf7+ Rxf7 22. Qxa8 Qxb2 23. Rd1 Qc2 {Fridstein}) 21.
dxe6 $14) (16... exd5 $2 17. Qxb7 Na6 18. Nxf7 $1 $16 {Cuijpers-Nikolaiczuk/
Luxemburg/1988}) (16... Nd7 $1 $10 {Stohl Cuijpers,F-Van Wijgerden,C/NLD-ch/
1983/}) 17. Ng4 (17. Be3 Nd7 $10) 17... Bg7 (17... Bd4+ 18. Be3 exd5 19. cxd5
Bxe3+ 20. Nxe3 Nd7 21. Rad1 Rae8 22. Nc4 $14 {Migl-Zollbrecht/2 Bundesliga/1991
}) 18. Qf3 (18. Be3) 18... f5 19. Ne5 Nd7 20. Nc6 Rfe8 21. Rd1 Nf6 $36 (21...
exd5 $5 22. cxd5 Re4 $15) 22. Rb1 exd5 23. cxd5 Re4 24. Qb3 Rae8 $13 {Cuijpers,
F-Van der Sterren,P/Hilversum NLD-ch/1983/})) 14... Na6 (14... e6 {Stohl} 15.
Bxc5 Rd8 16. Bd4 Bxd4+ 17. Qxd4 Qxd5 18. Qxd5 Rxd5 19. Rad1 Nc6 20. Rxd5 exd5
21. Rd1 Rd8 22. g4 f6 23. Kf2 Kf7 24. c3 $14 {Dolmatov,S-Chernin,A/Sverdlovsk
1L/1984/}) 15. Ne5 Qd6 16. Ng4 Bxb2 (16... Bg7 $6 {Stohl} 17. f5 $1 $16 {
/\Nh6->}) 17. Rb1 Bg7 18. f5 (18. Rxb7 $6 {Stohl} Nb4 $5 (18... e6 $10) 19. c4
Qa6 $1 20. Rxe7 Qxc4 $36 {/\} 21. d6 Nd5 $1) 18... Nc7 $146 (18... Nb4 $5 {
-Yusupov-Hort/Bundseliga/1993}) (18... Nb4 $5 {Stohl} 19. c4 Nxa2 20. Rxb7 Nc3
21. Qd3 (21. Qc2 $5 $44) 21... gxf5 22. Rxf5 Qg6 23. Ne5 Ne2+ $1 24. Kf2 Bxe5
25. Rg5 Nf4 26. Rxg6+ fxg6 27. Qe4 Bd6 $13 {Yusupov,A-Hort,V/BL 9394/1994/})
19. Rxb7 $1 (19. c4 b5) (19. Bf4 $5 Bd4+ $1 (19... Qd8 20. Bxc7 Qxc7 21. d6 Qd7
22. dxe7 Bd4+ 23. Kh1 Qxe7 24. f6 $40 {Adams}) 20. Qxd4 cxd4 21. Bxd6 exd6 22.
Rxb7 Rac8 $1 (22... Nxd5 23. f6 $16 {/\Nh6 ><f7}) 23. f6 $140 h5) (19. Nh6+ $5
{Stohl} Bxh6 20. Bxh6 Rfd8 21. c4 $5 $36 (21. Bf4 Qd7 {/\} 22. Rxb7 $2 Qxd5 $1
$17)) 19... Nxd5 20. f6 exf6 (20... Bxf6 21. Rxf6 (21. Nxf6+ {Stohl} exf6 22.
c4 Qe6 $15) 21... Nxf6 (21... exf6 {Stohl} 22. Qxd5 $1 $16) 22. Qxd6 exd6 23.
Nxf6+ Kg7 24. Ng4 $1 $18 {Adams} (24. Nd5 {Stohl} Rfb8 $1 25. Rd7 Rd8 $10)) (
20... Nxf6 {Stohl} 21. Qxd6 exd6 22. Nxf6+ Bxf6 23. Rxf6 $18) (20... Nxe3 {
Stohl} 21. Qxd6 exd6 22. fxg7 $18) 21. c4 h5 (21... f5 $2 {Stohl} 22. Nh6+ Bxh6
23. Bxh6 $18) 22. Nh6+ (22. Nf2 $2 Qg3 (22... Qe5 {Stohl} 23. Bxc5 Ne3 $17) 23.
Bxc5 Nf4) 22... Kh7 23. Nf5 (23. Qxd5 {Stohl} Qxd5 24. cxd5 Bxh6 25. Bxc5 Rfc8
26. Rxf7+ Kg8 27. Rxa7 Rxa7 28. Bxa7 Ra8 29. Bd4 f5 $1 $14) 23... gxf5 (23...
Qc6 24. Qxd5 Qxd5 25. cxd5 gxf5 26. Bxc5 $16) 24. cxd5 (24. Qxh5+ {Stohl} Kg8
25. cxd5 Qxd5 $132) 24... Kg8 (24... Kg6 $2 {Stohl} 25. Qd3 Qe5 26. Re7 $1 $18)
25. Rxf5 (25. Bf4 $5 Qa6 26. Qb1 {/\d6-d7}) 25... Qa6 26. Qb1 (26. Rc7 $5 {
Stohl} Qxa2 27. Bxc5 $16) 26... Rfe8 (26... Qe2 27. Bf2 $16 (27. Bxc5 Rfc8 28.
d6 Rxc5 29. Rxc5 Qe3+ 30. Kh1 Qxc5 31. Rb8+ Rxb8 32. Qxb8+ Kh7 33. d7 Bh6 34.
d8=Q Qc1+ 35. Kh2 Bf4+)) 27. Bf2 (27. Bxc5 $142 {Kortschnoj} Re2 (27... Qa5 28.
Bf2) (27... Rac8 28. d6) 28. Rb8+ Rxb8 29. Qxb8+ Kh7 30. Rxh5+ Kg6 31. Qg3+
Kxh5 32. Qxg7 $40 {Kortschnoj}) 27... Re5 (27... Re2 {Stohl} 28. Rxh5 {/\Qh7+-}
) 28. Rb8+ Rxb8 29. Qxb8+ Kh7 30. Qb1 Kg8 (30... Rxf5 {Stohl} 31. Qxf5+ Kg8 32.
Bxc5 Qxa2 33. d6 $18) 31. Qb8+ Kh7 32. Qb1 Kg8 33. Rxe5 fxe5 34. Qb8+ Kh7 35.
Qc7 (35. d6 Qd3 (35... Bf6) 36. Qc7 Kg6 37. d7 Bf6) 35... Qxa2 36. Qxf7 (36. d6
{Stohl} Qd5 37. d7 Bf6 $14) 36... Qb1+ 37. Kh2 Qg6 38. Qxa7 (38. Qc7) 38... c4
(38... Qd6 $142 $5 {Stohl} 39. Qxc5 (39. Bxc5 Qxd5 40. Bf8 Qg8 $10) 39... Bf8
$1 (39... Qxc5 40. Bxc5 Kg6 41. d6 Bf6 42. Bb6 $18) 40. Qc4 $16) 39. Qc7 Qd3 $2
(39... Qf5 $3 40. Be3 (40. Bg3 Qe4 41. d6 h4 $10) 40... Qe4 41. Bg5 Qxd5 42.
Bf6 Qg8 43. Bxe5 Kh8 44. Bxg7+ Qxg7 45. Qxc4 Qe5+ $14) (39... e4 {Stohl} 40.
Bd4 h4 41. Bxg7 Qxg7 42. d6 $18) (39... Qf5 $1 $14 {Kortschnoj}) 40. d6 c3 41.
d7 c2 42. Be3 $1 Qxe3 43. Qxc2+ e4 44. Qc7 $1 (44. d8=Q Be5+ 45. g3 Bxg3+ (
45... Qxg3+ 46. Kh1 Qxh3+ 47. Kg1 Qg3+ 48. Kf1) 46. Kh1 Qf3+ 47. Qg2) 1-0

[Event "Ubeda"]
[Site "Ubeda"]
[Date "1997.02.17"]
[Round "8"]
[White "Beliavsky, Alexander G"]
[Black "Jussupow, Artur"]
[Result "0-1"]
[WhiteElo "2665"]
[BlackElo "2665"]
[Annotator "Ernst,T"]
[PlyCount "78"]
[EventDate "1997.02.07"]
[EventType "tourn"]
[EventRounds "11"]
[EventCountry "ESP"]
[EventCategory "16"]
[SourceTitle "CBM 058"]
[Source "ChessBase"]
[SourceDate "1997.06.01"]
[SourceVersion "1"]
[SourceVersionDate "1997.06.01"]
[SourceQuality "1"]

1. d4 Nf6 2. c4 e6 3. g3 (3. Nf3 d5 4. g3 Nbd7 5. Bg2 c6 6. Qc2 b6 7. O-O Bb7
8. Rd1 Be7 9. Nc3 O-O 10. Bf4 Rc8 11. Rac1 Nh5 12. Qb3 Nxf4 13. gxf4 Bd6 14. e3
Qe7 15. Rc2 Nf6 16. Ne5 Bb8 17. cxd5 cxd5 18. Rdc1 h6 19. Ne2 Rxc2 20. Rxc2 Rc8
21. Rxc8+ Bxc8 22. Nc6 Qc7 23. Nxb8 Qxb8 24. f5 exf5 25. Bxd5 Nxd5 26. Qxd5 Be6
27. Qc6 Qd8 28. Nf4 Bxa2 29. d5 Qg5+ 30. Kf1 Qg4 31. d6 Qd1+ 32. Kg2 g5 33.
Qc8+ Kg7 34. Qc3+ Kh7 35. Qd4 Qg4+ 36. Kf1 gxf4 37. d7 Bc4+ 38. Qxc4 Qd1+ $17 {
0-1 Piket,J-Seirawan,Y/Amsterdam VSB 1996/CBM 52 (73)}) 3... Bb4+ 4. Bd2 Be7 5.
Bg2 d5 6. Nf3 O-O 7. O-O c6 8. Qc2 Nbd7 9. Rd1 b6 10. Bf4 Bb7 11. Nc3 Rc8 (
11... dxc4 12. Nd2 Nd5 13. Nxc4 N7f6 14. Bg5 h6 15. Bxf6 Nxf6 16. e4 b5 17. Ne3
Rc8 (17... Qb6 18. e5 Nd7 19. Ne4 Rac8 {[#]} 20. b4 Bxb4 21. Rab1 c5 22. Qb2
Bxe4 23. Bxe4 Qa5 24. d5 Bc3 25. Qe2 Nxe5 26. f4 Nc4 27. Nxc4 bxc4 28. dxe6
Bd4+ 29. Kg2 fxe6 30. Qxc4 Kh8 31. Rb7 Rce8 32. Rb5 Qa6 33. Rxc5 Qxc4 34. Rxc4
e5 35. Bg6 Rc8 36. Rdc1 Rxc4 37. Rxc4 Rd8 38. a4 exf4 39. gxf4 Bb6 40. Re4 Kg8
41. h4 Kf8 42. Re5 {Marin,M-Tisdall,J/Andorra op 1993/TD 93\07/1/2-1/2 (53)})
18. e5 Nd7 19. a3 a5 20. a4 Qb6 21. Qe2 Ba6 22. Qh5 bxa4 23. Nxa4 Qb4 24. Nc3
Qxb2 25. Rxa5 Nb8 26. Rxa6 Nxa6 27. Ne4 Rfd8 28. Nc4 Qb8 29. Ncd6 Bxd6 30. Nxd6
Rxd6 31. exd6 Qxd6 32. Qa5 Nb4 33. Rb1 Nd5 34. Qa6 Rd8 35. Rc1 Nb4 36. Qc4 {
Van Wely,L-Tiviakov,S/Gausdal Int 1992/TD 92\08/0-1 (92)}) (11... Nh5 12. Bc1
f5 13. b3 Ba6 14. Bb2 Bd6 15. e3 Qe7 16. Ne2 g5 17. Nc1 Rac8 18. Nd3 Qg7 19. a4
Bb8 20. a5 Bb7 21. a6 Ba8 22. b4 dxc4 23. Qxc4 Qe7 24. Nfe5 Bxe5 25. Nxe5 Nxe5
26. dxe5 c5 27. Bxa8 Rxa8 28. bxc5 bxc5 29. Rd6 Ng7 30. Qxc5 f4 31. exf4 gxf4
32. Rc6 Qg5 33. Rd1 h5 34. Rd7 h4 35. Qe7 Qg6 36. Qxh4 {Bischoff,K-Stangl,M/
Altensteig 1993/CBM 37/1-0 (47)}) 12. Ne5 (12. Rac1 Nh5 13. Qb3) 12... Nh5 13.
Be3 Nhf6 14. h3 b5 15. Nxd7 Nxd7 16. c5 b4 17. Na4 Ba6 18. Bf1 Rb8 19. b3 Bb5
20. Nb2 e5 21. dxe5 Nxe5 22. a3 bxa3 23. Rxa3 Rb7 24. Na4 Qb8 25. Nc3 Bf6 26.
Bd4 Re8 27. Bg2 Nd7 28. e4 Bxd4 29. Rxd4 Nxc5 30. exd5 cxd5 31. Rxd5 (31. Nxb5
$142 Rxb5 32. Rxd5 Ne6 33. Rxb5 Qxb5 34. Rxa7 Nd4 35. Qc4 $16) (31. Nxd5 Ne6) (
31. Bxd5 Rc7) 31... Bd3 $1 32. Qd2 (32. Rxd3 Nxd3 33. Bxb7 (33. Qxd3 Rxb3 $11)
33... Qxb7 $19) 32... Rc7 33. Na4 (33. Rxd3 Nxd3 34. Qxd3 Qb4) 33... Nxa4 34.
Rxd3 (34. bxa4 $11) 34... Nc5 35. Re3 Rd8 36. Qe2 g6 37. Kh2 Ne6 $11 38. Ra2 (
38. Ra4 $1 {>< d4}) 38... Nd4 39. Qa6 $4 $138 (39. Qg4 $142) 39... Nc2 $17 (
39... Nc2 40. Re4 Nb4) 0-1